Être soi-même. Une autre histoire de la philosophie (notice n° 2062182)
[ vue normale ]
| 000 -LEADER | |
|---|---|
| fixed length control field | 00590cam a2200193 4500500 |
| 005 - DATE AND TIME OF LATEST TRANSACTION | |
| control field | 20260405002905.0 |
| 041 ## - LANGUAGE CODE | |
| Language code of text/sound track or separate title | fre |
| 042 ## - AUTHENTICATION CODE | |
| Authentication code | dc |
| 100 10 - MAIN ENTRY--PERSONAL NAME | |
| Personal name | Portevin, Catherine |
| Relator term | author |
| 245 00 - TITLE STATEMENT | |
| Title | Être soi-même. Une autre histoire de la philosophie |
| 260 ## - PUBLICATION, DISTRIBUTION, ETC. | |
| Date of publication, distribution, etc. | 2019.<br/> |
| 500 ## - GENERAL NOTE | |
| General note | 12 |
| 690 ## - LOCAL SUBJECT ADDED ENTRY--TOPICAL TERM (OCLC, RLIN) | |
| Topical term or geographic name as entry element | Claude Romano |
| 690 ## - LOCAL SUBJECT ADDED ENTRY--TOPICAL TERM (OCLC, RLIN) | |
| Topical term or geographic name as entry element | Identité |
| 690 ## - LOCAL SUBJECT ADDED ENTRY--TOPICAL TERM (OCLC, RLIN) | |
| Topical term or geographic name as entry element | Martin Duru |
| 690 ## - LOCAL SUBJECT ADDED ENTRY--TOPICAL TERM (OCLC, RLIN) | |
| Topical term or geographic name as entry element | Soi |
| 786 0# - DATA SOURCE ENTRY | |
| Note | Philosophie magazine | 127 | 3 | 2019-03-01 | p. 48-49 | 1951-1787 |
| 856 41 - ELECTRONIC LOCATION AND ACCESS | |
| Uniform Resource Identifier | <a href="https://shs.cairn.info/magazine-philosophie-magazine-2019-3-page-48?lang=fr&redirect-ssocas=7080">https://shs.cairn.info/magazine-philosophie-magazine-2019-3-page-48?lang=fr&redirect-ssocas=7080</a> |
Pas d'exemplaire disponible.




Réseaux sociaux